000 00304 a2200157 4500
001 179812
020 _a
040 _cMagnum
100 _aSetubal, Paulo
240 1 0 _aEl-dorado
_lpor
245 1 0 _aEl-dorado
362 0 _a1899
440 1 _aSaraiva
697 _aMAGNITO: A/CRONICA
942 _cBK
999 _c179812
_d179812